Bovis takes top spot for second running month (Record no. 78849)

MARC details
000 -LEADER
fixed length control field 00854cab a22001815a 4500
001 - CONTROL NUMBER
control field L138391
008 - FIXED-LENGTH DATA ELEMENTS--GENERAL INFORMATION
fixed length control field 070604e20070523xxk f 000 0 eng d
035 ## - SYSTEM CONTROL NUMBER
System control number (Sirsi) u138391
041 0# - LANGUAGE CODE
Language code of text/sound track or separate title eng
100 1# - MAIN ENTRY--PERSONAL NAME
Personal name Atkinson, James
245 00 - TITLE STATEMENT
Title Bovis takes top spot for second running month
260 ## - PUBLICATION, DISTRIBUTION, ETC.
Date of publication, distribution, etc. 2007
490 #0 - SERIES STATEMENT
Series statement Contract Journal
Volume/sequential designation 438(6626) 23 May 2007, 10-11(2)
520 ## - SUMMARY, ETC.
Summary, etc. Bovis Lend Lease topped the new work winners monthly league table for April 2007, with Balfour Beatty in second place and Laing O'Rourke in third. Balfour Beatty remained at the top of the new work winners table for the past 12 months. For the third month in a row, new construction orders in April passed the £2.8bn mark, driven mainly by private commercial work.
651 #4 - SUBJECT ADDED ENTRY--GEOGRAPHIC NAME
Geographic name Great Britain
Chronological subdivision 1707-
690 ## - LOCAL SUBJECT ADDED ENTRY--TOPICAL TERM (OCLC, RLIN)
Topical term or geographic name as entry element BUILT ENVIRONMENT-CONSTRUCTION MARKET
942 ## - ADDED ENTRY ELEMENTS (KOHA)
Suppress in OPAC 0
Holdings
Withdrawn status Lost status Source of classification or shelving scheme Damaged status Not for loan Home library Current library Shelving location Date acquired Total Checkouts Full call number Barcode Date last seen Copy number Price effective from Koha item type
    Dewey Decimal Classification     London London Journal article 04/06/2007   L138391 138391-1001 06/08/2019 1 06/08/2019 Journal article